Literature : (Record no. 549310)

000 -LEADER
fixed length control field 00481cam a22001577a 4500
020 ## - INTERNATIONAL STANDARD BOOK NUMBER
International Standard Book Number 031202357X
082 ## - DEWEY DECIMAL CLASSIFICATION NUMBER
Classification number 818
Author Mark LAW
-- D
100 ## - MAIN ENTRY--PERSONAL NAME
Personal name Lawn, Beverty
9 (RLIN) 45907
245 00 - TITLE STATEMENT
Title Literature :
Remainder of title 150 masterpieces of fiction, poetry, and drama /
Statement of responsibility, etc. edited by Beverly Lawn.
260 ## - PUBLICATION, DISTRIBUTION, ETC.
Place of publication, distribution, etc. New York :
Name of publisher, distributor, etc. St. Martin's Press,
Date of publication, distribution, etc. c1991.
300 ## - PHYSICAL DESCRIPTION
Extent xv, 975 p. ;
Dimensions 21 cm.
526 ## - STUDY PROGRAM INFORMATION NOTE
Program name 0
Interest level 0
Reading level 0
Title point value 818_000000000000000_LAW
650 ## - SUBJECT ADDED ENTRY--TOPICAL TERM
Topical term or geographic name entry element D
9 (RLIN) 6527
700 1# - ADDED ENTRY--PERSONAL NAME
Personal name Lawn, Beverly.
9 (RLIN) 45908
942 ## - ADDED ENTRY ELEMENTS (KOHA)
Source of classification or shelving scheme
Koha item type Book
Holdings
Withdrawn status Lost status Source of classification or shelving scheme Damaged status Not for loan Permanent Location Current Location Date acquired Total Checkouts Total Renewals Full call number Barcode Date last seen Date last checked out Price effective from Koha item type
          Military College of Engineering (MCE) Military College of Engineering (MCE) 09/23/2014 3 1 818 LAW MCE-44528 05/07/2020 02/24/2020 09/23/2014 Book
© 2023 Central Library, National University of Sciences and Technology. All Rights Reserved.